One day in three lives. (Record no. 12619)

000 -LEADER
fixed length control field 00591nam a2200205 a 4500
001 - CONTROL NUMBER
control field :::00010428$&:&@@
003 - CONTROL NUMBER IDENTIFIER
control field OkBaRHE
005 - DATE AND TIME OF LATEST TRANSACTION
control field 20090430144452.0
008 - FIXED-LENGTH DATA ELEMENTS--GENERAL INFORMATION
fixed length control field s1977 j 000 0 eng u
040 ## - CATALOGING SOURCE
Transcribing agency
100 1# - MAIN ENTRY--PERSONAL NAME
Personal name Harper, Evelyn.
245 10 - TITLE STATEMENT
Title One day in three lives.
260 ## - PUBLICATION, DISTRIBUTION, ETC. (IMPRINT)
Place of publication, distribution, etc Tulsa, OK., :
Name of publisher, distributor, etc Harrison House
Date of publication, distribution, etc 1977
300 ## - PHYSICAL DESCRIPTION
Extent 32 p. ;
Dimensions 21 cm.
650 ## - SUBJECT ADDED ENTRY--TOPICAL TERM
Topical term or geographic name as entry element Christian Life
650 ## - SUBJECT ADDED ENTRY--TOPICAL TERM
Topical term or geographic name as entry element Healing
650 ## - SUBJECT ADDED ENTRY--TOPICAL TERM
Topical term or geographic name as entry element Witness bearing (Christianity)
942 ## - ADDED ENTRY ELEMENTS (KOHA)
Source of classification or shelving scheme
Koha item type Books
Copies
Damaged status Date acquired Not for loan Withdrawn status Shelving location Lost status Source of classification or shelving scheme Permanent Location Full call number Date last seen Koha item type Barcode Copy number Price effective from
 2010-04-14  General Stacks  RHEMA Bible Training CollegeBV 4501 .H32010-04-14Books1042812010-04-14